000 00622nam a22002057a 4500
003 OSt
005 20251128090612.0
008 251128b |||||||| |||| 00| 0 eng d
020 _a971-685-720-7
040 _aDWCL - Main Library
_cOC
082 _aFil. 520 F981 2010
100 _aArellano, Elvira L.
245 _aFundamentals of Mathematics 1 /
_cElvira L. Arellano
260 _aQuezon, City, Philippines:
_bLorimar Publishing,
_cc2001.
300 _aiv,248 pages :
_bIllustrations;
_c25cm.
504 _a1. Includes Bibliographical
650 _aI. Mathematics
700 _a
942 _2ddc
_cBK-FIL
_i
_mFil.
_n0
999 _c6540
_d6540